00562 2200217 4500001002100000005001700021008004100038035002400079082001000103090001700113100002300130245005100153260003500204300002600239500001100265650002000276850001200296980001500308985000600323999001500329YOGYA-0209000006204020090227040013.0 ind  0010-020900000062040 a421.5 a421.5bNee M aNEEDLEMAN, Morriss aA Manual of pronunciationcMorriss H Needleman aNew yorkbBarnes & Nablec1949 acxxiii,323 hlmc22 cm aIndeks aBahasa Inggeris aYOPDYOG a06-03-2008 a1 ab000048211